| 000 | 00593nam a2200193Ia 4500 | ||
|---|---|---|---|
| 003 | GCL | ||
| 008 | 140319s9999 xx 000 0 ara d | ||
| 040 |
_aGCL / _cGCL |
||
| 082 | 0 | 4 |
_a928.1 _bم م |
| 100 | 1 | _aمحمد مصطفى هدارة | |
| 245 | 1 | 0 |
_aمحمد زكى العشماوى: ابداعا وفكرا / _cمحمد مصطفى هدارة |
| 300 | _a392 ص | ||
| 490 |
_aالكتاب الابيض _v0 |
||
| 650 | 0 | 4 | _aالتراجم |
| 650 | 0 | 4 | _aالادباء العرب |
| 650 | 0 | 4 | _aالرجال - تراجم |
| 650 | 0 | 4 | _aمحمد زكى العشماوى |
| 942 |
_2ddc _cBK |
||
| 999 |
_c50706 _d50706 |
||